| 000 | 00782nas a2200265 4500 | ||
|---|---|---|---|
| 001 | BR9802215 | ||
| 003 | BR-BrBNA | ||
| 005 | 20231205100730.0 | ||
| 007 | ta | ||
| 008 | 230509b bl.|||p| |||| 00| 00por d | ||
| 040 |
_aBR-BrBNA _bpor _cBiblioteca Nacional de Agricultura |
||
| 041 | _a(Pt) | ||
| 072 | _aH60 | ||
| 100 | 1 | _aAntuniassi, U.R. | |
| 100 | 1 | _aVelini, E.D. | |
| 100 | 1 | _aCamposilvan, D. | |
| 245 | 1 | _aViabilidade economica dos sistemas manual e mecanizado de aplicacao de herbicidas em ferrovias | |
| 650 | _aErva Daninha | ||
| 650 | _aHerbicida | ||
| 650 | _aPulverizacao | ||
| 650 | _aCusto | ||
| 773 | 0 |
_tPlanta Daninha (Brazil) _xISSN 0100-8358 _g(1996), v. 14(1) p. 14-25 _wBR9802215 |
|
| 909 |
_a202311 _bLúcia _c55 _dLúcia Elande |
||
| 942 |
_2AGRIS _n0 _cANA |
||
| 999 |
_c157745 _d157745 |
||